[Event "IRI-ch (Women)"]
[Site "Kermanshah"]
[Date "2022.03.06"]
[Round "10"]
[White "Mahdavi, Mahdis"]
[Black "Hamedi Nia, Vesal"]
[Result "0-1"]
[WhiteElo "1692"]
[BlackElo "1980"]
[PlyCount "117"]
[EventDate "2022.02.28"]
[EventType "tourn"]
[EventRounds "11"]
[EventCountry "IRI"]
[SourceTitle "EXT 2023"]
[Source "ChessBase"]
[SourceDate "2022.10.05"]
[SourceVersion "1"]
[SourceVersionDate "2022.10.05"]
[SourceQuality "1"]

1. e4 e5 2. Nf3 Nc6 3. Nc3 Nf6 4. d4 exd4 5. Nxd4 Bb4 6. Nxc6 bxc6 7. Bd3 d5 8. exd5 0-0 9. 0-0 cxd5 10. h3 Re8 11. Qf3 c6 12. Bf4 Bd6 13. Rad1 Rb8 14. b3 Be6 15. Na4 c5 16. c4 d4 17. Bg5 Bd7 18. Rfe1 Qa5 19. Rf1 Be5 20. Bxf6 Bxf6 21. Qh5 g6 22. Qxc5 Qa6 23. Qa3 Bc6 24. Rfe1 Qa5 25. Rxe8+ Rxe8 26. Qd6 Re6 27. Qf4 Re1+ 28. Rxe1 Qxe1+ 29. Bf1 Be5 30. Qh4 Be4 31. Nc5 Bf5 32. Qd8+ Kg7 33. Qd5 Bc2 34. Nd7 f6 35. Nc5 Kh6 36. Qd7 Bf5 37. Qd5 Qb1 38. a3 Qa1 39. b4 Qxa3 40. b5 Qc1 41. Qf3 Bd6 42. Nb3 Qb2 43. Qd1 Bc2 44. Qd2+ g5 45. Nxd4 Bb4 46. Qe3 Bg6 47. h4 Qb1 48. hxg5+ fxg5 49. Ne6 Qf5 50. Bd3 Qg4 51. f3 Qh4 52. Qe5 Qe1+ 53. Qxe1 Bxe1 54. c5 Bxd3 55. b6 axb6 56. cxb6 Bg3 57. b7 Ba6 58. Nc5 Bb5 59. Ne6 0-1

[Event "IRI-ch (Women)"]
[Site "Kermanshah"]
[Date "2022.03.04"]
[Round "7"]
[White "Heydari, Maryam"]
[Black "Mahdavi, Mahdis"]
[Result "0-1"]
[WhiteElo "1684"]
[BlackElo "1692"]
[PlyCount "120"]
[EventDate "2022.02.28"]
[EventType "tourn"]
[EventRounds "11"]
[EventCountry "IRI"]
[SourceTitle "EXT 2023"]
[Source "ChessBase"]
[SourceDate "2022.10.05"]
[SourceVersion "1"]
[SourceVersionDate "2022.10.05"]
[SourceQuality "1"]

1. d4 Nf6 2. Bf4 g6 3. Nf3 Bg7 4. e3 d6 5. h3 0-0 6. Nbd2 Nc6 7. c3 h6 8. Bd3 e5 9. Bh2 Nd7 10. 0-0 f5 11. Bc4+ Kh7 12. dxe5 Ndxe5 13. Nxe5 Nxe5 14. Bxe5 Bxe5 15. Nf3 Bg7 16. Bb3 Qf6 17. Qd4 Qe7 18. Qd3 Bd7 19. Rfe1 Rae8 20. Rad1 g5 21. Qd5 Bc6 22. Qd3 Be4 23. Qe2 Kh8 24. Nd2 Bc6 25. Qh5 Qf6 26. Qe2 f4 27. e4 Qg6 28. Qd3 h5 29. Bd5 g4 30. Bxc6 bxc6 31. hxg4 hxg4 32. f3 g3 33. Kf1 Re5 34. Ke2 Rh5 35. Rh1 Rh2 36. Qb1 d5 37. Kd3 Kg8 38. Rdg1 c5 39. Qf1 dxe4+ 40. Nxe4 Qa6+ 41. Kc2 Qxf1 42. Rxf1 Rxg2+ 43. Kc1 Rb8 44. Nd2 Rxd2 45. Kxd2 g2 46. Kc2 Re8 47. Kd2 Re3 48. Re1 gxh1Q 49. Rxh1 Rxf3 50. Rh5 Rf2+ 51. Ke1 Rxb2 52. Rxc5 Rxa2 53. Rxc7 f3 54. c4 f2+ 55. Kf1 Bd4 56. Rc8+ Kf7 57. Rc7+ Ke6 58. Rc6+ Kd7 59. Rg6 Ra1+ 60. Ke2 f1Q+ 0-1

[Event "IRI-ch (Women)"]
[Site "Kermanshah"]
[Date "2022.03.03"]
[Round "5"]
[White "Azali, Tannaz"]
[Black "Mahdavi, Mahdis"]
[Result "0-1"]
[WhiteElo "2100"]
[BlackElo "1692"]
[PlyCount "62"]
[EventDate "2022.02.28"]
[EventType "tourn"]
[EventRounds "11"]
[EventCountry "IRI"]
[SourceTitle "EXT 2023"]
[Source "ChessBase"]
[SourceDate "2022.10.05"]
[SourceVersion "1"]
[SourceVersionDate "2022.10.05"]
[SourceQuality "1"]

1. d4 Nf6 2. c4 g6 3. h4 Bg7 4. Nc3 d6 5. e4 c5 6. d5 e6 7. Be2 exd5 8. exd5 0-0 9. h5 Re8 10. h6 Bh8 11. Bg5 Qb6 12. b3 Nbd7 13. Kf1 Ne5 14. g3 Bf5 15. Rc1 a6 16. Rh4 Bc8 17. Bd2 Bf5 18. Bg5 Qa5 19. f3 Rab8 20. g4 Bc8 21. Bd2 Qd8 22. g5 Nh5 23. Kg2 f6 24. f4 fxg5 25. fxg5 Bf5 26. Bxh5 gxh5 27. Qf1 Bd3 28. Nge2 Ng6 29. Rh3 Bxc3 30. Rxd3 Bxd2 31. Rc2 Rxe2+ 0-1

[Event "IRI-ch (Women)"]
[Site "Kermanshah"]
[Date "2022.03.03"]
[Round "6"]
[White "Mahdavi, Mahdis"]
[Black "Mahdian, Anousha"]
[Result "1-0"]
[WhiteElo "1692"]
[BlackElo "2179"]
[PlyCount "81"]
[EventDate "2022.02.28"]
[EventType "tourn"]
[EventRounds "11"]
[EventCountry "IRI"]
[SourceTitle "EXT 2023"]
[Source "ChessBase"]
[SourceDate "2022.10.05"]
[SourceVersion "1"]
[SourceVersionDate "2022.10.05"]
[SourceQuality "1"]

1. e4 c6 2. d4 d5 3. e5 Bf5 4. Nf3 e6 5. Be2 Nd7 6. 0-0 Ne7 7. Nh4 Be4 8. Nd2 Bg6 9. Nxg6 hxg6 10. f4 c5 11. c3 cxd4 12. cxd4 Qb6 13. Nf3 Nf5 14. g4 Nh4 15. Qa4 Qb4 16. Qd1 Nb8 17. a3 Qb6 18. b4 Nc6 19. Be3 Be7 20. Rc1 a6 21. Qd3 Nxf3+ 22. Rxf3 0-0-0 23. Bf2 Kb8 24. Rb1 Na7 25. Qd2 Rc8 26. Rfb3 Rc7 27. a4 Rhc8 28. a5 Qc6 29. b5 axb5 30. Bxb5 Qc2 31. Qxc2 Rxc2 32. Bf1 R2c7 33. a6 b5 34. Bxb5 Nxb5 35. Rxb5+ Ka7 36. Kg2 Bd8 37. Rb7+ Ka8 38. h4 Rc2 39. Rxf7 Bxh4 40. Rbb7 Rxf2+ 41. Kh3 1-0

[Event "Qazvin op (Women) 18th"]
[Site "Qazvin"]
[Date "2015.08.17"]
[Round "6"]
[White "Karimi, Yeganeh"]
[Black "Mahdavi, Mahdis"]
[Result "1-0"]
[WhiteElo "1899"]
[BlackElo "1596"]
[PlyCount "71"]
[EventDate "2015.08.14"]
[EventType "swiss"]
[EventRounds "11"]
[EventCountry "IRI"]
[SourceTitle "EXT 2016"]
[Source "ChessBase"]
[SourceDate "2015.10.08"]
[SourceVersion "1"]
[SourceVersionDate "2015.10.08"]
[SourceQuality "1"]

1. e4 d6 2. d4 Nf6 3. Nc3 g6 4. Nf3 Bg7 5. Be2 Nbd7 6. 0-0 0-0 7. Be3 Ng4 8. Bf4 c5 9. Bg3 cxd4 10. Nxd4 Ngf6 11. Bc4 Qb6 12. Nb3 Nc5 13. Re1 Bd7 14. Bh4 Bc6 15. Nd5 Bxd5 16. exd5 Qb4 17. Nxc5 dxc5 18. b3 Rfd8 19. a3 Qa5 20. Rxe7 b5 21. Qf3 Qb6 22. Bxb5 Rd6 23. Bc6 Rf8 24. Rae1 Qa6 25. Bg3 Rdd8 26. Bc7 Rc8 27. d6 Qxa3 28. g4 h6 29. Bb7 Rce8 30. Rxe8 Nxe8 31. Rxe8 Rxe8 32. d7 Qa1+ 33. Kg2 Rf8 34. d8Q Rxd8 35. Bxd8 Qd4 36. Bd5 1-0

[Event "IRI-chT (Women) 8th"]
[Site "Qazvin"]
[Date "2014.12.31"]
[Round "4.3"]
[White "Mahdavi, Mahdis"]
[Black "Hakimifard, Ghazal"]
[Result "0-1"]
[WhiteElo "1650"]
[BlackElo "2223"]
[PlyCount "56"]
[EventDate "2014.12.29"]
[EventType "team-tourn"]
[EventRounds "7"]
[EventCountry "IRI"]
[SourceTitle "CBM 164 Extra"]
[Source "ChessBase"]
[SourceDate "2015.03.02"]
[SourceVersion "1"]
[SourceVersionDate "2015.03.02"]
[SourceQuality "1"]
[WhiteTeam "Qazvin CA (W)"]
[BlackTeam "Petroshimi (W)"]
[WhiteTeamCountry "IRI"]
[BlackTeamCountry "IRI"]

1. e4 Nc6 2. d4 d6 3. Nf3 g6 4. Bf4 Bg7 5. c3 Nf6 6. Nbd2 0-0 7. Be2 Re8 8. Bg5 e5 9. d5 Ne7 10. 0-0 h6 11. Bh4 Nh5 12. Ne1 Nf4 13. Bxe7 Qxe7 14. Nd3 Qg5 15. Nxf4 exf4 16. f3 c6 17. Bc4 b5 18. Bb3 c5 19. c4 Bxb2 20. Rb1 Bd4+ 21. Kh1 a6 22. Bc2 Bd7 23. a4 b4 24. Nb3 Be3 25. a5 Re5 26. Qd3 Qh4 27. Qe2 Qxh2+ 28. Kxh2 Rh5# 0-1

[Event "IRI-chT (Women) 8th"]
[Site "Qazvin"]
[Date "2014.12.30"]
[Round "3.2"]
[White "Mahdavi, Mahdis"]
[Black "Alavi, Homa"]
[Result "0-1"]
[WhiteElo "1650"]
[BlackElo "1933"]
[PlyCount "122"]
[EventDate "2014.12.29"]
[EventType "team-tourn"]
[EventRounds "7"]
[EventCountry "IRI"]
[SourceTitle "CBM 164 Extra"]
[Source "ChessBase"]
[SourceDate "2015.03.02"]
[SourceVersion "1"]
[SourceVersionDate "2015.03.02"]
[SourceQuality "1"]
[WhiteTeam "Qazvin CA (W)"]
[BlackTeam "Daneshgah Azad (W)"]
[WhiteTeamCountry "IRI"]
[BlackTeamCountry "IRI"]

1. e4 c5 2. Nf3 e6 3. d4 cxd4 4. Nxd4 a6 5. c4 Nf6 6. Nc3 Bb4 7. Bd3 Nc6 8. Nde2 Qc7 9. 0-0 0-0 10. h3 Ne5 11. Bf4 Bd6 12. Bxe5 Bxe5 13. Kh1 Nh5 14. Qd2 Nf4 15. Nxf4 Bxf4 16. Qe2 b6 17. Rfe1 Be5 18. Rac1 Bb7 19. Qg4 g6 20. b3 Qc5 21. f4 Bxc3 22. Rxc3 Qd4 23. Rec1 Bxe4 24. Bxe4 Qxe4 25. Qf3 Qxf3 26. Rxf3 Rac8 27. Rd1 Rfd8 28. Rd6 b5 29. cxb5 axb5 30. Rfd3 Rc7 31. Rb6 Rc2 32. a3 Rf2 33. Rxb5 Rxf4 34. Rd6 Kf8 35. Rb7 Ke7 36. Rd3 e5 37. a4 e4 38. Re3 Rf1+ 39. Kh2 f5 40. a5 Ra8 41. b4 Rb1 42. Rb5 Ra6 43. g4 Ke6 44. Rb8 d5 45. Kg3 Ke5 46. Re8+ Kd4 47. Ra3 Rxb4 48. gxf5 gxf5 49. Kf4 Rb5 50. Ra4+ Kc3 51. Rc8+ Kb2 52. Kxf5 Raxa5 53. Rd4 Rc5 54. Rb4+ Kc3 55. Rcb8 e3 56. Kf4 d4 57. Rb3+ Kd2 58. Rd8 Rf5+ 59. Ke4 e2 60. Rb2+ Kc3 61. Rxe2 Rae5# 0-1

[Event "IRI-chT (Women) 8th"]
[Site "Qazvin"]
[Date "2014.12.30"]
[Round "2.3"]
[White "Mahdavi, Mahdis"]
[Black "Bagheri, Taleghani Nadia"]
[Result "0-1"]
[WhiteElo "1650"]
[BlackElo "1744"]
[PlyCount "60"]
[EventDate "2014.12.29"]
[EventType "team-tourn"]
[EventRounds "7"]
[EventCountry "IRI"]
[SourceTitle "CBM 164 Extra"]
[Source "ChessBase"]
[SourceDate "2015.03.02"]
[SourceVersion "1"]
[SourceVersionDate "2015.03.02"]
[SourceQuality "1"]
[WhiteTeam "Qazvin CA (W)"]
[BlackTeam "Nassaji Melal Alborz (W)"]
[WhiteTeamCountry "IRI"]
[BlackTeamCountry "IRI"]

1. e4 c5 2. Nf3 e6 3. d4 cxd4 4. Nxd4 a6 5. Nc3 Qc7 6. Be2 Bb4 7. Bd2 Nf6 8. f3 0-0 9. Na4 Bxd2+ 10. Qxd2 b5 11. Nc3 Bb7 12. 0-0 Rd8 13. Rad1 d6 14. a3 Nbd7 15. Nb3 d5 16. exd5 Nxd5 17. Nxd5 Bxd5 18. Nd4 Nf6 19. c3 Bb3 20. f4 Bxd1 21. Bxd1 Rac8 22. Qe3 Qc5 23. Kh1 a5 24. Qg3 b4 25. axb4 axb4 26. Re1 bxc3 27. Qxc3 Qxc3 28. bxc3 Rxc3 29. Nc2 Ne4 30. Kg1 f5 0-1